Royo a Miró, a Sant Cugat / Josep Canals i Gual ; fotografies: Carles Cabanas ... [et al.] Carles Cabanas ... [et al.]
Descripción Física:
79 p. : il., negre i col. ; 32 cm
Otros Autores:
Cabanas , Carles, fot
MARC
| LEADER | 00000nam a2200000Ia 4500 | ||
|---|---|---|---|
| 001 | 10829 | ||
| 008 | 160829s1993 xx 000 0 cat d | ||
| 080 | |a B-1-12 | ||
| 100 | |a Canals i Gual, Josep |9 35844 | ||
| 245 | |a Royo a Miró, a Sant Cugat / Josep Canals i Gual ; fotografies: |b Carles Cabanas ... [et al.] | ||
| 260 | |a Sant Cugat del Vallès : |b Ajuntament, |c 1993 | ||
| 300 | |a 79 p. : |b il., negre i col. ; |c 32 cm | ||
| 650 | |a Royo, Josep |9 35845 | ||
| 650 | |a Miró, Joan |9 27387 | ||
| 650 | 0 | |a Tapissos |9 35846 | |
| 700 | |a Cabanas , Carles, fot. |9 35847 | ||
| 710 | 1 | |a Sant Cugat del Vallès (Catalunya). |b Ajuntament |9 53923 | |
| 901 | |a Arxiu | ||
| 942 | |n 1 | ||
| 952 | |0 0 |1 0 |4 0 |6 B112 |7 1 |9 47098 |a Arxiu |b Arxiu |d 2016-12-01 |l 0 |o B-1-12 |p 10829 |r 2016-12-01 00:00:00 |w 2016-12-01 |y ARXIU | ||
| 999 | |c 50892 |d 50892 | ||